| 000 | 00964nam a2200313Ia 4500 | ||
|---|---|---|---|
| 001 | Para_7250 | ||
| 003 | CHAP | ||
| 008 | 220125s1941 xx 000 0 und d | ||
| 010 | _a206136 | ||
| 040 | _cCHAP | ||
| 082 | _aPA-C 636.08 B85 | ||
| 100 |
_aSwett, W.W. _9110889 |
||
| 245 |
_aJudging dairy cattle on the basis of type and records of production / _c by W.W. Swett and R.R. Graves |
||
| 260 |
_aWashington : _b USDA |
||
| 300 | _a30 p. | ||
| 440 |
_aMiscellaneous Publications; 409 _9172329 |
||
| 500 | _aEncuadernado con otros impresos similares | ||
| 650 |
_aGanado _x colecciones de escritos _9172274 |
||
| 650 |
_aGanado lechero _x mejoramiento _945274 |
||
| 650 |
_aGanado lechero _x producción _945288 |
||
| 700 |
_aGraves, R.R. _9172330 |
||
| 901 | _aPA-C 636.08 B85 | ||
| 902 | _aA | ||
| 905 | _a0000001941 ai 0000000000 00 | ||
| 910 | _a1941 | ||
| 942 | _cPARA | ||
| 942 |
_cPARA _d1 |
||
| 999 |
_c206136 _d206136 |
||